Politics, personality and nation building. Burma's search for identity
Guardat en:
| Autor principal: | |
|---|---|
| Format: | Llibre |
| Idioma: | anglès |
| Publicat: |
New Haven
Yale University
1962
|
| Matèries: | |
| Etiquetes: |
Afegir etiqueta
Sense etiquetes, Sigues el primer a etiquetar aquest registre!
|
MARC
| LEADER | 00000nam a2200000 a 4500 | ||
|---|---|---|---|
| 001 | UCT6265 | ||
| 003 | CL-VaPUC | ||
| 008 | 970106e19620000US |||||||||||||||||eng|d | ||
| 082 | 0 | 4 | |a 320.011 |b PYE |2 21 |
| 100 | 0 | |a Pye, Lucian W |e author |9 376226 | |
| 245 | 1 | 0 | |a Politics, personality and nation building. Burma's search for identity |
| 300 | |a 307 p | ||
| 942 | |c BK | ||
| 945 | |d 19970106 00:00:00 |a paguirre | ||
| 260 | |a New Haven |b Yale University |c 1962 | ||
| 650 | 0 | |a Política |9 255312 | |
| 650 | 7 | |a SISTEMAS POLITICOS |2 CL-VaPUC |9 376227 | |
| 650 | 0 | |a Desarrollo político |9 323087 | |
| 650 | 0 | |a Doctrinas políticas |9 255835 | |
| 650 | 0 | |a Estado |9 255503 | |
| 583 | |a last modification |c 19970106 00:00:00 |k Rodrigo Vera | ||
| 999 | |c 254980 |d 254978 | ||
| 952 | |0 0 |1 0 |4 0 |6 320_011000000000000_PYE_1962 |7 0 |8 A |9 276986 |a BIBDER |b BIBDER |d 2019-11-19 |i 180118K |o 320.011 PYE 1962 |p 180118K |r 2023-01-25 |w 2019-11-19 |y BK |k DER | ||